000 00894nam a2200253Ia 4500
003 OSt
005 20220930092112.0
006 a|||||r|||| 00| 0
007 ta
008 220926b |||||||| |||| 00| 0 eng d
024 _a12253
037 _cTheses
040 _aCRL
_cCRL
_beng
041 _2eng
_aeng
100 _aRawat Vinay
_9547722
110 _aUniversity of Delhi. Faculty of Medical Science. Department of Communicy Medicine
_9547723
245 0 _aPrevalence of sexually transmitted infections (STIs) among the patients presenting with vaginal discharge and their male partners
_b An STI clinic based study
260 _c2014
650 _aMEDICINE
700 _a Saini N K Gu.
_9547724
700 _aUniversity of Delhi. Faculty of Medical Science. Department of Communicy Medicine
_9547725
942 _cDIS
_2CC
999 _c883208
_d883208